000
00205 a2200097 4500
001
16763
100
_a
Bromley D.A
245
_a
Facets of Physics
260
_a
_b
Academic press
_c
090
_c
12632
_d
12632
942
_a
NUST-CAE
_c
M
_c
2928
999
_c
251836
_d
251836